Futbolistas por imagen #3 - Estadísticas

Estadísticas generales
  • Esta prueba ha sido intentada 136 veces
  • La puntuación promedio es 14 de 16
Estadísticas de respuestas
Imagen Respuesta % Correcto
Lamine Yamal
99%
Salah
94%
De Gea
92%
Rudiger
92%
Aguero
90%
Foden
90%
Mané
90%
Unai Simon
90%
Dembelé
88%
Halaand
87%
Ibrahimovic
86%
Ansu Fati
85%
Raphinha
83%
Van Dijk
83%
Kompany
71%
Kepa
69%
No se encontraron pruebas coincidentes
Distribución de puntuación
Porcentaje de gente con cada puntuación
Porcentaje por número respondido
Historial de tus puntuaciones
No has intentado esta prueba.